00932nam a2200217 a 450000100100000000500170001000800410002704000250006808200220009310000340011524500410014924600260019025000110021626000620022730000210028949000630031050501340037383000700050795201200057799900170069700004273620201002040347.0140206s1970 mx 000 0 spa d aDO-SdBNPbspacBNPHU axxxxbV696c, 19701 aVilalta, Maruxad1932-97005210a5 obras de teatro /cMaruxa Vilalta.10aCinco obras de teatro a3a ed. aMéxico :bSecretaría de Educación Pública,c1970. a227 p. ;c17 cm.1 aCuadernos de lectura popularala honda del espírituv2850 aUn país feliz--tSoliloquio del tempo--tUn día loco--tLa última letra--tEl 9 [nueve] --tOtras obras de Maruxa Vilalta-- 0aCuadernos de lectura popularpLa honda del espíritun285970053 001050718MOaGRbGRcCTd2014-02-06iLF1l0oxxxx V696c, 1970p42736-10r2020-06-25w2020-06-25y1ZNo se presta c42225d42225